| 000 | 00610nam a2200205 a 4500 | ||
|---|---|---|---|
| 001 | BRCA_726 | ||
| 005 | 20190320203125.0 | ||
| 008 | 930325s1992 mx-a---###---#000-0#spa-# | ||
| 020 | _a9683907741 | ||
| 040 |
_aDLC _cDLC |
||
| 050 | 4 |
_aF1230 _b.U77 1992 |
|
| 100 | 1 |
_aUrrútia, María Cristina _92395 |
|
| 245 | 1 | 0 |
_aEcos de la conquista _cMa. Cristina Urrútia, Krystyna Libura. |
| 260 |
_aMéxico _bPatria _c1992 |
||
| 300 |
_a250 p. _bil. (algunas a color) _c22 cm. |
||
| 650 | 1 | 4 |
_aAztecas _92396 |
| 651 | 4 |
_aMéxico _xHistoria _yConquista, 1519-1540 _9442 |
|
| 700 | 1 |
_aLibura, Krystyna _92397 |
|
| 942 |
_2lcc _cB |
||
| 999 |
_c627 _d627 |
||